<?xml version="1.0" encoding="UTF-8"?>
<collection xmlns:xsi="http://www.w3.org/2001/XMLSchema-instance" xsi:schemaLocation="http://www.loc.gov/MARC21/slim http://www.loc.gov/standards/marcxml/schema/MARC21slim.xsd" xmlns="http://www.loc.gov/MARC21/slim">
 <record>
  <leader>00000cam a22000004i 4500</leader>
  <controlfield tag="001">UP-99796217612844939</controlfield>
  <controlfield tag="003">Buklod</controlfield>
  <controlfield tag="005">20180907140925.0</controlfield>
  <controlfield tag="006">aa    r     ||| u </controlfield>
  <controlfield tag="007">ta</controlfield>
  <controlfield tag="008">180907s2017    xx     d     r    |||| u|</controlfield>
  <datafield tag="020" ind1=" " ind2=" ">
   <subfield code="a">9781782549574 (hbk)</subfield>
  </datafield>
  <datafield tag="035" ind1=" " ind2=" ">
   <subfield code="a">(iLib)UPD-00384013568</subfield>
  </datafield>
  <datafield tag="040" ind1=" " ind2=" ">
   <subfield code="a">DLC</subfield>
   <subfield code="d">DECON</subfield>
   <subfield code="e">rda</subfield>
  </datafield>
  <datafield tag="041" ind1=" " ind2=" ">
   <subfield code="a">eng</subfield>
  </datafield>
  <datafield tag="090" ind1=" " ind2=" ">
   <subfield code="a">HB 74 P8</subfield>
   <subfield code="b">H363 2017</subfield>
  </datafield>
  <datafield tag="245" ind1="0" ind2="0">
   <subfield code="a">Handbook of behavioural economics and smart decision-making</subfield>
   <subfield code="b">rational decision-making within the bounds of reason</subfield>
   <subfield code="c">edited by Morris Altman.</subfield>
  </datafield>
  <datafield tag="264" ind1=" " ind2="1">
   <subfield code="a">Cheltenham, UK</subfield>
   <subfield code="b">Edward Elgar Publishing, Inc.</subfield>
   <subfield code="c">[2017]</subfield>
  </datafield>
  <datafield tag="300" ind1=" " ind2=" ">
   <subfield code="a">xxi, 584 pages</subfield>
   <subfield code="c">25 cm</subfield>
  </datafield>
  <datafield tag="336" ind1=" " ind2=" ">
   <subfield code="a">text</subfield>
   <subfield code="2">rdacontent</subfield>
  </datafield>
  <datafield tag="337" ind1=" " ind2=" ">
   <subfield code="a">unmediated</subfield>
   <subfield code="2">rdamedia</subfield>
  </datafield>
  <datafield tag="338" ind1=" " ind2=" ">
   <subfield code="a">volume</subfield>
   <subfield code="2">rdacarrier</subfield>
  </datafield>
  <datafield tag="504" ind1=" " ind2=" ">
   <subfield code="a">Includes bibliographical references and index.</subfield>
  </datafield>
  <datafield tag="505" ind1="0" ind2=" ">
   <subfield code="a">1. Introduction to smart decision-making / Morris Altman.-- Part I. Smart decision -makers, different types of rational and outcomes.-- 2. Rational inefficiency:smart thinking , bounded rationality and the  scientific basis for economic failure and success / Morris Altman.-- 3. Rational mistakes that make us smart / Nathan Berg.-- 4. Rational choice as if the  choosers were human / Peter J. Boettke and Rosolino A. Candela.-- 5. Smart predictions from wrong data:the case of ecological correlations / Florian Kutzner and Tobias Vogel.-- 6. Heuristics:fast,frugal and smart / Shabnam Mousavi,Bjorn Meder, Hansjorg Neth and Reza Kheirandish.-- 7. The beauty of simplicity? (simple) heuristics and the  oppurtunities yet to be realized / Andrea Ortmann and Leonidas Spiliopoulos.-- 8. Smart persons and human development:the missing ingredients in behavioral economics / John F. Tomer.-- Part II. Aspects of smart decision-making.-- 9. Behavioral strategy at the  frontline: insights and inspirations from the US marine corps / Mie Augier.-- 10. Feminist economics for smart behavioral economics / Siobhan Austen.-- 11. How regret moves individual and collaborative choices towards rationality / Sacha Bourgeois-Gironde.-- 12. Is it rational to be in love? / Paul Frijters and Gigi Foster.-- 13. Behavioral economics anthropolgy / Giuseppe Danese and Luigi Mittone.-- Part III. Development and  governance.-- 14. Do changes in farmers seed traits align with  climate change? a case study of maize in Chiapas,Mexico / C. Leigh Anderson,Andrew Cronholm and Pierre Biscaye.-- 15. Rationality, Globalization and X-efficiency among  financial institutions / Roger Frantz.-- 16. The evolution of governance structures in a polycentric system / Edward McPhail and Vlad Tarko.-- Part IV. Tax behavior.-- 17. Taxation and  nudging / Simon James.-- 18. Income tax compliance / Erich Kirchler,Barbara Hartl and Katharina Gangl.-- Part V. Smart macroenomics and finance.-- 19. Financial decisions in the household / Bernadette Kamleitner, Till Mengay and Erich Kirchler.-- 20. Employing priming  to shed light on financial decision-making processes / Doron Kliger.-- 21.Experimental asset markets:behavior and bubbles / Owen Powell and Natalia Shestakova.-- 22. To consume or to save : are we maximizing or what? / Tobias F. Rotheli.-- Part VI. Dimensions Health.-- 23. Time orientation effects on health behavior / Jannette van Beek,Michel J. J. Handgraaf and Gerrit Antonides.-- 24. Behavioral aspects of obesity / Odelia Rosin.-- 25. Time inconsistent preferences in intertemporal choices for physical activity and  weight loss: evidence from  Canadian health surveys / Nazmi Sari.-- 26. Suicide among smart people /Bijou Yang and David Lester.-- Part VII. Sociological dimensions of smart decision-making.-- 27. Seeing and knowing others:the  impacts of social ties on economic interactions / Astrid Hopfensitz.-- 28. Weakness of will and  stiffness of will: how far are shirking,slackening,favoritism,spoiling of children and pornography from obsessive-compulsive behavior? / Elias L. Khalil.-- 29. The role of identity,personl and social capital in community crime prevention / Ambrose Leung and Brandon Harrison.-- 30. Norms,culture and  cognition / Shinji Teraji.-- Part VIII. Moral and ethics.-- 31. Rational  choice in public and private spheres / Herbert Gintis.-- 32. Ethics  and  simple games / Mark Pingle.</subfield>
  </datafield>
  <datafield tag="650" ind1="1" ind2="0">
   <subfield code="a">Economics</subfield>
   <subfield code="x">Psychological aspects.</subfield>
  </datafield>
  <datafield tag="650" ind1=" " ind2="0">
   <subfield code="a">Consumer behavior.</subfield>
  </datafield>
  <datafield tag="700" ind1="1" ind2=" ">
   <subfield code="a">Altman, Morris</subfield>
   <subfield code="e">editor.</subfield>
  </datafield>
  <datafield tag="905" ind1=" " ind2=" ">
   <subfield code="a">FO</subfield>
  </datafield>
  <datafield tag="852" ind1="0" ind2=" ">
   <subfield code="a">UPD</subfield>
   <subfield code="b">DECON</subfield>
   <subfield code="h">HB 74 P8</subfield>
   <subfield code="i">H363 2017</subfield>
  </datafield>
  <datafield tag="942" ind1=" " ind2=" ">
   <subfield code="a">Book</subfield>
  </datafield>
 </record>
</collection>
